00242nam a22000977a 4500008004100000020001800041100002300059245004300082250001100125300000800136140110t xxu||||| |||| 00| 0 eng d a81-317-1144-7 aKeith E. Stanovich aHow to think straight about Psychology a7th Ed a150